| 000 | 00494 a2200181 4500 | ||
|---|---|---|---|
| 999 |
_c32187 _d32187 |
||
| 003 | OSt | ||
| 005 | 20260220125539.0 | ||
| 008 | 260220b ||||| |||| 00| 0 eng d | ||
| 020 | _a9781119556909 | ||
| 040 | _c. | ||
| 082 |
_a658.46 _bB5863 |
||
| 100 |
_96660 _aBiech, Elaine |
||
| 245 |
_aThe New Business of Consulting, The basics and beyond / _cElaine Biech |
||
| 260 |
_bJohn Wiley & Sons, _aCanada : _c2019. |
||
| 300 | _a342 p. | ||
| 650 | 0 |
_96661 _aBusiness Consulting |
|
| 942 |
_2ddc _cBK |
||